000
00294nam a22001337a 4500
008
170524b xxu||||| |||| 00| 0 eng d
020
_a
9780123747839
041
_a
eng
080
_2
2ND
_a
621.3
100
_a
26
101
_a
IM
245
_a
ESSENTIAL MATHCAD
_c
MAXFIELD, B
942
_2
udc
_c
BK
999
_c
14141
_d
14141